Historia contemporánea de América latina

Guardado en:
Detalles Bibliográficos
Autor principal: Halperín Donghi, Tulio (Autor)
Formato: Libro
Lenguaje:español
Publicado: Madrid, España Alianza 1998
Colección:Historia Humanidades, 4156
Materias:
Etiquetas: Agregar Etiqueta
Sin Etiquetas, Sea el primero en etiquetar este registro!

MARC

LEADER 00000cam a2200000 a 4500
001 UCF6836
003 CL-VaPUC
005 20220903073952.0
008 130524e19980000SP |||||||||||||||||spa|d
999 |c 351891  |d 351889 
020 |a 9788420635156 
040 |c Pontificia Universidad Católica de Valparaíso 
082 0 4 |a 980 HAL 1998  |2 21 
100 |a Halperín Donghi, Tulio  |e author  |9 530101 
245 1 0 |a Historia contemporánea de América latina 
260 |a Madrid, España  |b Alianza  |c 1998 
300 |a 750 páginas 
490 0 |a Historia Humanidades,  |v  4156 
583 |a last modification  |c 20130524 08:39:00  |k Rodrigo Vera 
650 0 |a Historia contemporánea  |9 343224 
650 7 |a NEOCOLONIALISMO  |2 CL-VaPUC  |9 439132 
650 0 |a Independencia   |9 344246 
651 0 |a América Latina   |9 255027 
942 |c BK  |2 ddc 
945 |d 20130524 00:00:00  |a dcastane 
952 |0 0  |1 0  |2 ddc  |4 0  |6 980_000000000000000_HAL_1998  |7 0  |8 A  |9 456296  |a BIBGIM  |b BIBGIM  |d 2019-11-22  |i 4975510  |o 980 HAL 1998  |p 4975510  |r 2025-01-15  |t 1  |w 2019-11-22  |y BK  |k MTS